zpět

Detail výsledku týmu

Infinity c&c bar, Zlín

Datum a čas kvízu

16.5 Celkem bodů Celkový počet nahraných bodů na tomto kvízu bez doplňovacích otázek.
5. Pořadí na kvízu Konečné umístění týmu na tomto kvízu.

Zaznamenané odpovědi

# Otázka Odpověď Body Výsledky
1. Do boudy na hřebenech Krkonoš,... 1
2. Spojené státy a Izrael ve stře... 0
3. K Nejvyššímu soudu nastoupilo... 1
4. Zákazníci v jedné evropské zem... 1
5. Nad očekávání dobře si v průbě... 1
6. Věříme tomu, že nemálo z Vás v... 1
7. Poznáte podle fotky toto šumav... 1
8. Ve kterém městě najdeme toto k... 1
9. Ve spolkové zemi Salcbursko se... 0
10. Která dvě česká slova jsou nap... 0